Southville International School and Colleges
Your cart is empty.
  • Cart
  • Lists
    Public lists Eva Luna New books Lux_list list_1
    Your lists Log in to create your own lists
  • Log in to your account
  • Your cookies
  • Search history
Southville International School and Colleges
  • Advanced search
  • Recent comments
  • Most popular
  • Libraries

Log in to your account

Log in with GOOGLE


If you do not have an external account, but do have a local account, you can still log in:

  1. Home
  2. MARC view: Star wars :
Normal view MARC view ISBD view

Star wars : (Record no. 10195)

[ view plain ]
MARC details
000 -LEADER
fixed length control field 00560nam a22001937a 4500
003 - CONTROL NUMBER IDENTIFIER
control field OSt
005 - DATE AND TIME OF LATEST TRANSACTION
control field 20140310182200.0
008 - FIXED-LENGTH DATA ELEMENTS--GENERAL INFORMATION
fixed length control field 130902t xxu||||| |||| 00| 0 eng d
020 ## - INTERNATIONAL STANDARD BOOK NUMBER
International Standard Book Number 0786917938
050 ## - LIBRARY OF CONGRESS CALL NUMBER
Classification number GV 1469.62.S4
Item number .C712 2000
082 ## - DEWEY DECIMAL CLASSIFICATION NUMBER
Classification number HS 794.821
Item number C69 2000
100 ## - MAIN ENTRY--PERSONAL NAME
Personal name Collins, Andy
9 (RLIN) 16204
245 ## - TITLE STATEMENT
Title Star wars :
Remainder of title roleplaying game /
Statement of responsibility, etc Andy Collins
260 ## - PUBLICATION, DISTRIBUTION, ETC. (IMPRINT)
Place of publication, distribution, etc Renton, WA :
Name of publisher, distributor, etc Wizards of the Coast,
Date of publication, distribution, etc c2000.
300 ## - PHYSICAL DESCRIPTION
Extent 1138 p. :
Other physical details ill. , col. ;
Dimensions 28 cm.
651 ## - SUBJECT ADDED ENTRY--GEOGRAPHIC NAME
Geographic name Star wars.
9 (RLIN) 16205
942 ## - ADDED ENTRY ELEMENTS (KOHA)
Source of classification or shelving scheme Library of Congress Classification
Koha item type
Holdings
Withdrawn status Lost status Source of classification or shelving scheme Damaged status Home library Current library Shelving location Date acquired Total Checkouts Total Renewals Full call number Barcode Date last seen Date checked out Copy number Price effective from Koha item type
    Library of Congress Classification   Luxembourg Library Luxembourg Library High School Section 09/02/2013 2 1 GV 1469.62.S4 .C712 2000 15024 11/10/2022 10/28/2022 1 09/02/2013 Books

Star wars :

APA

Collins A., . (2000). Star wars. Renton, WA: Wizards of the Coast.

Chicago

Collins Andy, . 2000. Star wars. Renton, WA: Wizards of the Coast.

Harvard

Collins A., . (2000). Star wars. Renton, WA: Wizards of the Coast.

MLA

Collins Andy, . Star wars. Renton, WA: Wizards of the Coast. 2000.

  • Place hold
  • Print
  • Cite
  • Add to your cart (remove)
  • Save record
    BIBTEX Dublin Core MARCXML MARC (non-Unicode/MARC-8) MARC (Unicode/UTF-8) MARC (Unicode/UTF-8, Standard) MODS (XML) RIS
  • More searches
    Search for this title in:
    Other Libraries (WorldCat) Other Databases (Google Scholar) Online Stores (Bookfinder.com) Open Library (openlibrary.org)

Exporting to Dublin Core...

SOUTHVILLE LIBRARY

Southville International School and Colleges Library

1281 Tropical Ave. Cor. Luxembourg St., BF Homes International, Las Pinas City

Tel. No. 8256374 / 252358 Loc. 117/146

Powered by Koha